Welcome to CU Library Online Public Access Catalogue (OPAC)

The Well-Crafted Sentence (Record no. 9589)

MARC details
000 -LEADER
fixed length control field 00410nam a22001457a 4500
005 - DATE AND TIME OF LATEST TRANSACTION
control field 20260423162419.0
008 - FIXED-LENGTH DATA ELEMENTS--GENERAL INFORMATION
fixed length control field 260423b |||||||| |||| 00| 0 eng d
020 ## - INTERNATIONAL STANDARD BOOK NUMBER
International Standard Book Number 9781457639104
050 ## - LIBRARY OF CONGRESS CALL NUMBER
Classification number PE1441
Item number .B33 BAC
100 ## - MAIN ENTRY--PERSONAL NAME
Personal name Bacon Nora
245 ## - TITLE STATEMENT
Title The Well-Crafted Sentence
Remainder of title A Writer's Guide to Style
Statement of responsibility, etc. Nora Bacon
250 ## - EDITION STATEMENT
Edition statement 2nd Ed.
260 ## - PUBLICATION, DISTRIBUTION, ETC.
Place of publication, distribution, etc. Bedford
Name of publisher, distributor, etc. St. Martin's
Date of publication, distribution, etc. 2013
942 ## - ADDED ENTRY ELEMENTS (KOHA)
Source of classification or shelving scheme Library of Congress Classification
Koha item type Books
Edition 2nd Ed.
Suppress in OPAC No
999 ## -
-- 9589
-- 9589
Holdings
Withdrawn status Lost status Source of classification or shelving scheme Damaged status Not for loan Collection Home library Current library Shelving location Date acquired Total checkouts Full call number Barcode Date last seen Copy number Price effective from Koha item type
    Library of Congress Classification     Non-fiction Business Library (Miotso) Business Library (Miotso) General stacks 03/27/2026   PE1441 .B33 BAC BSSM00003693 04/23/2026 1 03/27/2026 Books
© 2023-2024 Copyright: Central University Libraries. All Rights Reserved | Created by: Mahone Tech Office